Human resource management / (Record no. 6971)

MARC details
000 -LEADER
fixed length control field 00606 a2200193 4500
005 - DATE AND TIME OF LATEST TRANSACTION
control field 20181031160422.0
010 ## - LCCN (DPL NO)
LC control number ENG-87799
020 ## - INTERNATIONAL STANDARD BOOK NUMBER
Terms of availability 120.00
035 ## - SYSTEM CONTROL NUMBER
System control number EN-71332
037 ## - SOURCE OF ACQUISITION
Source of stock number/acquisition DBAD / PUB
082 ## - DEWEY DECIMAL CLASSIFICATION NUMBER
Classification number 658.3
100 ## - MAIN ENTRY--PERSONAL NAME
Personal name Subba Rao, P.
245 ## - TITLE STATEMENT
Title Human resource management /
Statement of responsibility, etc by P.Subba Rao
250 ## - EDITION STATEMENT
Edition statement 2nd rev. ed
260 ## - PUBLICATION, DISTRIBUTION, ETC. (IMPRINT)
Place of publication, distribution, etc Mumbai
Name of publisher, distributor, etc Himalaya Publishing House
Date of publication, distribution, etc 2006
270 ## - ADDRESS
Address "Ramdoot", Dr. Bhalerao Marg, (Kelewadi), Girgaon
City Mumbai
Postal code 400 004
Telephone number 022-23860170, 022-23863863
Electronic mail address himpub@vsnl.com
300 ## - PHYSICAL DESCRIPTION
Extent 209 p.
Dimensions 24 cm. (Pbk)
942 ## - ADDED ENTRY ELEMENTS (KOHA)
Institution code [OBSOLETE] dpl
Item type English Books
Source of classification or shelving scheme Dewey Decimal Classification
Classification part 658.3
Call number suffix SUB
Holdings
Withdrawn status Lost status Not for loan Collection code Home library Current library Date acquired Source of acquisition Cost, normal purchase price Full call number Barcode Copy number Cost, replacement price Koha item type
    Not For Loan Non-fiction D.B.Act.Division D.B.Act.Division 17/09/2008 DBAD/PUB 120.00 658.3 SUB EN-71332 1 120.00 English Books

© Delhi Public Library
Hit Counter
free hit counter